书目信息 |
| 题名: |
今玩
|
|
| 作者: | 吴少华 , 徐和平 编著 | |
| 分册: | ||
| 出版信息: | 合肥 黄山书社 2000.12 |
|
| 页数: | 112页 | |
| 开本: | 28cm | |
| 丛书名: | ||
| 单 册: | ||
| 中图分类: | G894 | |
| 科图分类: | ||
| 主题词: | 文娱性体育活动 | |
| 电子资源: | ||
| ISBN: | 7-80630-556-4 | |
| 000 | 00673nam0 2200229 450 | |
| 001 | 1136349296 | |
| 005 | 20111226100736.76 | |
| 010 | @a7-80630-556-4@dCNY56.00 | |
| 100 | @a20111226d2000 km y0chiy0120 ea | |
| 101 | 0 | @achi |
| 102 | @aCN@b340000 | |
| 105 | @aa z 000yy | |
| 200 | 1 | @a今玩@Ajin wan@e磁卡@f吴少华, 徐和平编著@Fwu shao hua,xu he ping bian zhu |
| 210 | @a合肥@c黄山书社@d2000.12 | |
| 215 | @a112页@c图@d28cm | |
| 517 | 1 | @a磁卡@Aci ka |
| 606 | 0 | @a文娱性体育活动 |
| 690 | @aG894@v4 | |
| 701 | 0 | @a吴少华@Awu shao hua@4编著 |
| 701 | 0 | @a徐和平@Axu he ping@4编著 |
| 801 | 0 | @aCN@b大连网信软件有限公司图书馆·11@c20111226 |
| 905 | @aZUCC@dG894@eW860@f3 | |
| 今玩:磁卡/吴少华, 徐和平编著.-合肥:黄山书社,2000.12 |
| 112页:图;28cm |
| ISBN 7-80630-556-4:CNY56.00 |
| ● |
| 相关链接 |
|
|
|
正题名:今玩
索取号:G894/W860
 
预约/预借
| 序号 | 登录号 | 条形码 | 馆藏地/架位号 | 状态 | 备注 |
| 1 | 1068060 | 210680609 | 社科二线422/409社科库 29排2列3层/ [索取号:G894/W860] | 在馆 | |
| 2 | 1068061 | 210680618 | 社科库409/409社科库 29排2列3层/ [索取号:G894/W860] | 在馆 | |
| 3 | 1068062 | 210680627 | 社科二线422/409社科库 29排2列3层/ [索取号:G894/W860] | 在馆 |